| 000 | 00642nam a2200205 i 4500 | ||
|---|---|---|---|
| 001 | 95440 | ||
| 003 | ES-MaACL | ||
| 005 | 20230906181715.0 | ||
| 007 | t| | ||
| 008 | 050530s1968 sp |||| | spa d | ||
| 100 | 1 |
_aLlanos, José María de. _972709 |
|
| 245 | 1 | 0 |
_aNueve signos de los tiempos / _cJosé María de Llanos, S. J. |
| 260 |
_aMadrid : _bApostolado de la Prensa, _c1968. |
||
| 300 |
_aXV, 294 p. ; _c18 cm. |
||
| 490 | 1 | _aBiblioteca de problemas actuales | |
| 650 | 4 |
_aCristianismo- _xHistoria- _yS.XX. _9160094 |
|
| 830 | 0 |
_aBiblioteca de problemas actuales _9232197 |
|
| 852 |
_aES-MaACL _jC-36267 |
||
| 999 |
_c95440 _d95440 |
||